| 000 -LEADER |
| fixed length control field |
00316nam a2200109 4500 |
| 082 ## - DEWEY DECIMAL CLASSIFICATION NUMBER |
| Classification number |
TNC B136x547 M687 |
| 100 ## - MAIN ENTRY--PERSONAL NAME |
| Personal name |
Mishra, G.P. |
| 9 (RLIN) |
22515 |
| 245 ## - TITLE STATEMENT |
| Title |
Dynamics of rural development in village India |
| 260 ## - PUBLICATION, DISTRIBUTION, ETC. (IMPRINT) |
| Place of publication, distribution, etc |
New Delhi |
| Name of publisher, distributor, etc |
Ashiksh Publication house |
| Date of publication, distribution, etc |
1982 |
| 300 ## - PHYSICAL DESCRIPTION |
| Extent |
87p. |
| 650 ## - SUBJECT ADDED ENTRY--TOPICAL TERM |
| Topical term or geographic name as entry element |
Dairy forms - India |
| 9 (RLIN) |
22516 |